Konzistórium kardinálov

Bibliographic Details
Main Author: F. S. (Author)
Format: Article
Language:Slovak
PhysicalDescription:Obr.
ISSN:0139-8512
Subjects:

MARC

LEADER 00000nab a2200000 a 4500
001 vtls000653808
003 SK-MaSNL
005 20260303214214.0
008 180206c1998 xo 0 slo
015 |a SNBRA1998/03-07096 
035 |a CLN000006001 
040 |a SNKBUCL  |b slo  |c SNKBUCL  |e AACR2 
041 0 |a slo 
044 |a xo  |c SK 
080 |a 262.136.6:282  |2 UDC-MRF-SK2 
100 0 |a F. S.  |4 aut  |9 324410 
245 1 0 |a Konzistórium kardinálov  |c [autor] F.S. 
300 |b Obr. 
610 7 |a Rímskokatolícka cirkev  |x kardináli  |y 21.2.1998  |2 snkbucl  |9 1248950 
655 7 |a články z novín a časopisov  |2 snkbucl  |9 267496 
773 0 |x 0139-8512  |t Katolícke noviny  |g Roč. 113, č. 11 (1998), s. 24 
850 |a Slovenská národná knižnica v Martine 
852 |a SNK  |b KIS3GCP 
958 |a RBX 
999 |c 2215879  |d 2217809